000 00314cam a2200133 a 4500
020 _a22420184
050 0 0 _aSF 461
_b.C43
245 0 0 _aPoutry Diseases
_bDiagnosis and Treatment
260 _aIndia
_bNew Age International
_c2007
300 _ax, 504 p.
700 1 _aChauhan H.V.S
700 1 _aRoy S.
942 _cGEN
999 _c997
_d997